Três dimensões do cinema (Registro nro. 162003)
[ vista simple ]
| 000 -LEADER | |
|---|---|
| fixed length control field | 00802nam a22002537a 4500 |
| 007 - PHYSICAL DESCRIPTION FIXED FIELD--GENERAL INFORMATION | |
| fixed length control field | cr|||| |||| |
| 008 - FIXED-LENGTH DATA ELEMENTS--GENERAL INFORMATION | |
| fixed length control field | 130125e2010 bl |||||s|||| 00||0 por d |
| 020 ## - INTERNATIONAL STANDARD BOOK NUMBER | |
| International Standard Book Number | 8522508089 |
| 035 ## - | |
| -- | 6833 |
| 040 ## - CATALOGING SOURCE | |
| Original cataloging agency | vLex |
| 090 ## - | |
| -- | 3618 |
| -- | 3618 |
| 100 10 - MAIN ENTRY--PERSONAL NAME | |
| Personal name | Lemos, Ronaldo |
| 245 10 - TITLE STATEMENT | |
| Title | Três dimensões do cinema |
| Remainder of title | economia, direitos autorais e tecnologia |
| Medium | [Recurso electrónico] |
| 256 ## - | |
| -- | Servicio en línea |
| 260 ## - PUBLICATION, DISTRIBUTION, ETC. (IMPRINT) | |
| Place of publication, distribution, etc | Rio de Janeiro : |
| Name of publisher, distributor, etc | FGV - Direito Rio, |
| Date of publication, distribution, etc | 2010 |
| 300 ## - PHYSICAL DESCRIPTION | |
| Extent | 1 Recurso electrónico |
| 650 04 - SUBJECT ADDED ENTRY--TOPICAL TERM | |
| Topical term or geographic name as entry element | Propiedad intelectual |
| Geographic subdivision | Brasil |
| 650 04 - SUBJECT ADDED ENTRY--TOPICAL TERM | |
| Topical term or geographic name as entry element | Economía |
| Geographic subdivision | Brasil |
| 700 10 - ADDED ENTRY--PERSONAL NAME | |
| Personal name | Souza, Carlos Alfonso Pereira de |
| 740 ## - | |
| -- | vLex Libros (Servicio en línea) |
| 856 ## - LOCALIZACIÓN Y ACCESO ELECTRÓNICO | |
| Host name | Acceso restringido |
| Identificador Uniforme del Recurso (URI/URL) | http://www.vlex.com/source/6833 |
| 942 ## - | |
| -- | RAA |
| 999 ## - | |
| -- | 162003 |
| -- | 162003 |
No hay ítems disponibles.